000 01514cam a2200361 i 4500
001 18308
003 Mx-PuUPA
005 20251007164810.0
008 140415s1989 mx a gr 001 0 spa d
020 _a9682514940
_qvol. 1
040 _aMX-PuUPA
_bspa
_erda
_cMx-PuUPA
_dMx-PuUPA
041 1 _aspa
_heng
100 1 _aBrunner, Lillian Sholtis,
_eautor
_97072
240 1 0 _aTexttbook of medical-surgical nursing.
_lEspañol
245 1 0 _aEnfermería medicoquirúrgica.
_nVol. 1 /
_cLillian Sholtis Bruner, Doris Smith Suddarth, Brenda G. Bare, Mary Jo Boyer, Suzanne C. O'Conell Smeltzer ; traducción, Jorge Blanco Magallanez, Rafael Blenglio.
250 _aQuinta edición /
_bespañol
264 1 _aMéxico, D.F. :
_bNueva Editorial Interamericana,
_c©1989
300 _axxii, 870 páginas :
_bilustraciones (blanco y negro) ;
_c28 cm.
336 _atexto
_2rdacontent
_btxt
337 _asin medio
_2rdamedia
_bn
338 _avolumen
_2rdacarrier
_bnc
650 7 _aEnfermería quirúrgica
700 1 _aSuddarth, Doris Smith,
_eautor
700 1 _aBare, Brenda G.,
_eautor
700 1 _aBoyer, Mary Jo,
_eautor
700 1 _aO'Conell Smeltzer, Suzanne Z.,
_eautor
700 1 _aBlanco Magallanez, Jorge,
_etraductor
700 1 _aBlenglio, Rafael,
_etraductor
765 0 _aBrunner, Lillian Sholtis
_tTexttbook of medical-surgical nursing
_b6a. edición
_dJ.B. Lippincott Company, ©1988
942 _2ddc
_cLI
_h617.0231
_iB8818
999 _c18308
_d18308